UBT Library

The emerging Republican majority (Record no. 40192)

000 -LEADER
fixed length control field 00507cam a2200205 4500
001 - CONTROL NUMBER
control field 4600126
005 - DATE AND TIME OF LATEST TRANSACTION
control field 20180112050044.0
008 - FIXED-LENGTH DATA ELEMENTS--GENERAL INFORMATION
fixed length control field 690822s1969 nyuab 001 0 eng
010 ## - LIBRARY OF CONGRESS CONTROL NUMBER
LC control number 76079602
020 ## - INTERNATIONAL STANDARD BOOK NUMBER
International Standard Book Number 0870000586
040 ## - CATALOGING SOURCE
Original cataloging agency DLC
Transcribing agency DLC
Modifying agency DLC
041 ## - LANGUAGE CODE
Language code of text/sound track or separate title eng
080 ## - UNIVERSAL DECIMAL CLASSIFICATION NUMBER
Universal Decimal Classification number 324.24
082 00 - DEWEY DECIMAL CLASSIFICATION NUMBER
Classification number 324.24 PHI
100 1# - Rafti
Rafti 20
101 ## - Shkurtesa
Shkurtesa SHP
245 14 - TITLE STATEMENT
Title The emerging Republican majority
Statement of responsibility, etc [by] Kevin P. Phillips.
906 ## - LOCAL DATA ELEMENT F, LDF (RLIN)
a 7
b cbc
c orignew
d u
e ncip
f 19
g y-gencatlg
942 ## - ADDED ENTRY ELEMENTS (KOHA)
Source of classification or shelving scheme
Item type Books
Holdings
Withdrawn status Lost status Source of classification or shelving scheme Damaged status Not for loan Collection code Permanent location Current location Shelving location Date acquired Total Checkouts Full call number Barcode Date last seen Price effective from Koha item type
          Koleksioni i përgjithshem UBT - Lipjan UBT - Lipjan Koleksioni i përgjithshem 01/12/2018   324.24 PHI 002-2995285 01/12/2018 01/12/2018 Books
UBT Library © 2015-2024. All rights reserved University Education for Business and Technology